Warszawski Mie̜dzynarodowy Festiwal Filmowy "Żydowskie Motywy"
| Titel: | Warszawski Mie̜dzynarodowy Festiwal Filmowy "Żydowskie Motywy" : Ha-Motiv ha-Jehudi ; 16 - 24 maja 2005 ; katalog / [Mirosław Chojecki ...] |
|---|---|
| Beteiligt: | |
| Körperschaft: | |
| Veröffentlicht: | Warszawa, 2005 |
| Umfang: | 73 Seiten : Illustrationen |
| Format: | Buch |
| Sprache: | Englisch; Polnisch |
| Hinweise zum Inhalt: |
Inhaltsverzeichnis
Cover |
X
alg: 13369599 001A $00030:27-10-05 001B $01999:21-11-25 $t16:14:17.000 001C $06002:07-03-06 $t10:52:08.000 001D $03004:06-08-24 001U $0utf8 001X $00 002@ $0Aau 002C $aText $btxt $2rdacontent 002C $aunbewegtes Bild $bsti $2rdacontent 002D $aohne Hilfsmittel zu benutzen $bn $2rdamedia 002E $aBand $bnc $2rdacarrier 003@ $0133695999 003O $0179813807 $aOCoLC 007A $0133695999 $aHEB 007G $0DE02013F69AC2A201EB98C1258BBF0048856D 009P $qapplication/pdf $A2 $3Inhaltsverzeichnis $uhttp://scans.hebis.de/HEBCGI/show.pl?13369599_toc.pdf $mV:DE-603;B:DE-Mb50 009P $qapplication/pdf $A2 $3Cover $uhttp://scans.hebis.de/HEBCGI/show.pl?13369599_cov.pdf $mV:DE-603;B:DE-Mb50 010@ $aeng $apol 011@ $a2005 013D $RVerzeichnis $RBibliografie $RInventar $RNeuerwerbungsliste $#Publishers' catalogs $#Catalogs $#Catalogs and collections $#Catalogues d'éditeurs $#Catalogues $#Cataloghi editoriali $#Catálogos de editores $#Catalog $#Bestandskatalog $#Bestandsverzeichnis Formschlagwort $74163417-2 $8Katalog [Ts1] $9085724890 $y16.05.-24.05.2005 $zWarschau 021A $aWarszawski Mie̜dzynarodowy Festiwal Filmowy "Żydowskie Motywy" $dHa-Motiv ha-Jehudi ; 16 - 24 maja 2005 ; katalog $h[Mirosław Chojecki ...] 028C $7 $8Chojecki, Mirosław [Tnx] $9172059437 029F $#Warszawski Mie̜dzynarodowy Festiwal Filmowy Ha-Motiv Ha-Jehudi, Warschau 2005 2 $#Warszawski Mie̜dzynarodowy Festiwal Filmowy Ha-Motiv ha-Jehudi, Warschau 2005 $#Warsaw International Jewish Film Festival, Warschau $#Warszawski Mie̜dzynarodowy Festiwal Filmowy Żydowskie Motywy, Warschau 2005 $73062558-0 $8Warszawski Mie̜dzynarodowy Festiwal Filmowy Żydowskie Motywy$n2$d2005$cWarschau [Tf1] $9133696197 033A $pWarszawa 034D $a73 Seiten 034M $aIllustrationen 044K $#Warszawski Mie̜dzynarodowy Festiwal Filmowy Ha-Motiv Ha-Jehudi, Warschau 2005 2 $#Warszawski Mie̜dzynarodowy Festiwal Filmowy Ha-Motiv ha-Jehudi, Warschau 2005 $#Warsaw International Jewish Film Festival, Warschau $#Warszawski Mie̜dzynarodowy Festiwal Filmowy Żydowskie Motywy, Warschau 2005 $73062558-0 $8Warszawski Mie̜dzynarodowy Festiwal Filmowy Żydowskie Motywy$n2$d2005$cWarschau [Tf1] $9133696197 045F $a791.409438 $eDDC23BSB 045F/01 $a791.4 045F/03 $g438 lok: 13369599 3 101B $009-02-09 $t12:03:17.000 101C $027-10-05 101U $0utf8 144Z/20 $aj05dez 145S/06 $a770 145S/07 $a930 145Z/01 $a900 T 246 Nih 1290 exp: 13369599 3 1 #EPN 201B/01 $027-10-05 $t12:14:41.000 201C/01 $027-10-05 203@/01 $0311289037 208@/01 $a27-10-05 $bzAa 209A/01 $aQ 87.927.42 $du $f000 $hQ 87 927 42 $x00 209G/01 $a87927423 $x00 247C/01 $8601000-3 <30>Frankfurt, Universitätsbibliothek J. C. Senckenberg, Zentralbibliothek (ZB) $9102598258 201U/01 $0utf8 lok: 13369599 24 exp: 13369599 24 1 #EPN 201B/01 $006-08-24 $t11:24:07.000 201C/01 $005-08-24 201U/01 $0utf8 203@/01 $01268004464 208@/01 $a06-08-24 $bz 209A/01 $a24.04156 $du $f050 $h24 04156 $x00 209C/01 $a24.04156 G $h24 04156 G 209G/01 $a74891772 $x00 220C/01 $ahae 247C/01 $8358050-7Marburg, Bibliothek des Herder-Instituts Marburg $9102600961
| LEADER | 00000cam a2200000 c 4500 | ||
|---|---|---|---|
| 001 | 133695999 | ||
| 003 | DE-603 | ||
| 005 | 20251121161417.0 | ||
| 007 | tu | ||
| 008 | 051027s2005 xx |||| | u00||u|eng c | ||
| 035 | |a (DE-599)HEB133695999 | ||
| 035 | |a (OCoLC)179813807 | ||
| 040 | |a DE-603 |b ger |c DE-603 |d DE-603 | ||
| 041 | |a eng |a pol | ||
| 082 | 0 | 4 | |8 1\u |a 791.409438 |q DE-101 |2 23/BSB |
| 085 | |8 1\u |b 791.4 | ||
| 085 | |8 1\u |z 2 |s 438 | ||
| 245 | 0 | 0 | |a Warszawski Mie̜dzynarodowy Festiwal Filmowy "Żydowskie Motywy" |b Ha-Motiv ha-Jehudi ; 16 - 24 maja 2005 ; katalog |c [Mirosław Chojecki ...] |
| 264 | 1 | |a Warszawa |c 2005 | |
| 300 | |a 73 Seiten |b Illustrationen | ||
| 336 | |a Text |b txt |2 rdacontent | ||
| 336 | |a unbewegtes Bild |b sti |2 rdacontent | ||
| 337 | |a ohne Hilfsmittel zu benutzen |b n |2 rdamedia | ||
| 338 | |a Band |b nc |2 rdacarrier | ||
| 611 | 2 | 7 | |a Warszawski Mie̜dzynarodowy Festiwal Filmowy Żydowskie Motywy |n 2 |d 2005 |c Warschau |2 gnd |0 (DE-588)3062558-0 |0 (DE-603)133696197 |
| 655 | 7 | |a Katalog |y 16.05.-24.05.2005 |z Warschau |2 gnd-content |0 (DE-588)4163417-2 |0 (DE-603)085724890 | |
| 700 | 1 | |a Chojecki, Mirosław |0 (DE-603)172059437 | |
| 711 | 2 | |a Warszawski Mie̜dzynarodowy Festiwal Filmowy Żydowskie Motywy |n 2 |d 2005 |c Warschau |0 (DE-603)133696197 |0 (DE-588)3062558-0 |2 gnd | |
| 856 | 4 | 2 | |m V:DE-603;B:DE-Mb50 |q application/pdf |u http://scans.hebis.de/HEBCGI/show.pl?13369599_toc.pdf |3 Inhaltsverzeichnis |
| 856 | 4 | 2 | |m V:DE-603;B:DE-Mb50 |q application/pdf |u http://scans.hebis.de/HEBCGI/show.pl?13369599_cov.pdf |3 Cover |
| 924 | 0 | |9 30 |a (DE-603)311289037 |b DE-30 |c HES |d c |g Q 87.927.42 | |
| 924 | 0 | |9 Mb 50 |a (DE-603)1268004464 |b DE-Mb50 |c HES |d c |g 24.04156 | |


